000 00885nam a22001457a 4500
020 _a978-1-4169-3386-4
082 _a823
_bKEE/N
100 _aKEENE, CAROLYN
245 _aNANCY DREW - DRESSED TO STEAL
260 _aNEW YORK
_bALADDIN PAPERBACKS
_c2007
300 _a149
520 _aI don't normally care about clothes, but when my friend Charlie Adams's sister Alicia opened a boutique right here in River Heights, of course I wanted to be at the opening. Turns out it was a pretty popular event. Way more people than expected showed up, and then the store window was smashed, and people were injured! Later I found out that Alicia's most expensive dress was destroyed and her store had been vandalized. Sounds like more than one-day-sale damage to me. I may not be a fashion expert, but this is one case I'm ready to size up.
650 _aDETECTIVE
_zUNITED STATES
942 _cBK
999 _c7849
_d7849